000 01056nas a2200289 454500
001 44912
005 20260407193511.0
008 260407s2004####ag###########|||spa#d
003 AR-UNSa-BCEJYS
040 _aAR-UNSa-BCEJYS
_bspa
_cAR-UNSa-BCEJYS
080 _a338.124
_xRetroceso de la actividad económica. Contracción económica (Pobreza...)
245 1 0 _aEstudios estadísticos y prospectivos
022 _a1680-8770
264 1 _aSantiago de Chile :
_bCEPAL (Comisión Económica para América Latina y el Caribe)
_c2004
310 _aFrecuencia: Irregular
041 _aspa
942 _cSER
590 _aniveau_biblio:s niveau_hierar:1
100 1 _aNaciones Unidas. Comisión Económica para América Latina y el Caribe (CEPAL)
650 _aAmérica Latina
650 _aCondiciones económicas
650 _aDatos estadísticos
650 _aPobreza
650 _aPolítica monetaria
650 _aInvestigación económica
856 4 1 _uhttps://www.biblioeco.unsa.edu.ar/pmb/images/revistas/R21667.jpg
_yImagen de portada
_qimage/jpeg
999 _c8932
_d8932